Top 100 NHL players heading into the '19-'20 season - Statistics

General Stats
  • This quiz has been taken 375 times
  • The average score is 60 of 100
Answer Stats
Rank Player Team Nationality % Correct
78 Evander Kane San Jose Sharks Canada
99%
3 Patrick Kane Chicago Blackhawks USA
99%
2 Connor McDavid Edmonton Oilers Canada
97%
4 Sidney Crosby Pittsburgh Penguins Canada
97%
1 Nikita Kucherov Tampa Bay Lightning Russia
96%
13 Alex Ovechkin Washington Capitals Russia
94%
5 Nathan MacKinnon Colorado Avalanche Canada
93%
12 Auston Matthews Toronto Maple Leafs USA
92%
17 Steven Stamkos Tampa Bay Lightning Canada
92%
15 Brad Marchand Boston Bruins Canada
91%
8 Patrice Bergeron Boston Bruins Canada
91%
10 Johnny Gaudreau Calgary Flames USA
88%
9 Aleksander Barkov Florida Panthers Finland
86%
22 John Tavares Toronto Maple Leafs Canada
86%
18 Mitch Marner Toronto Maple Leafs Canada
86%
38 Evgeni Malkin Pittsburgh Penguins Russia
85%
11 Leon Draisaitl Edmonton Oilers Germany
85%
31 Jack Eichel Buffalo Sabres USA
84%
32 Victor Hedman Tampa Bay Lightning Sweden
84%
24 Artemi Panarin New York Rangers Russia
83%
16 Brent Burns San Jose Sharks Canada
82%
28 David Pastrnak Boston Bruins Czech
82%
41 Jonathan Toews Chicago Blackhawks Canada
82%
25 Sebastien Aho Carolina Hurricanes Finland
82%
14 Brayden Point Tampa Bay Lightning Canada
81%
20 Mikko Rantanen Colorado Avalanche Finland
81%
35 Tyler Seguin Dallas Stars Canada
81%
30 Claude Giroux Philadelphia Flyers Canada
80%
21 Blake Wheeler Winnipeg Jets USA
78%
6 Mark Giordano Calgary Flames Canada
76%
95 Brady Tkachuk Ottawa Senators USA
73%
39 Gabriel Landeskog Colorado Avalanche Sweden
73%
29 Matthew Tkachuk Calgary Flames USA
73%
48 Carey Price Montreal Canadiens Canada
72%
88 Erik Karlsson San Jose Sharks Sweden
72%
34 Jonathan Huberdeau Florida Panthers Canada
72%
19 Mark Scheifele Winnipeg Jets Canada
72%
40 Ryan O'Reilly St Louis Blues Canada
71%
27 Mark Stone Vegas Golden Knights Canada
70%
83 Patrik Laine Winnipeg Jets Finland
70%
7 Andrei Vasilevskiy Tampa Bay Lightning Russia
69%
46 Dylan Larkin Detroit Red Wings USA
69%
44 Kris Letang Pittsburgh Penguins Canada
69%
57 Nicklas Backstrom Washington Capitals Sweden
69%
67 Roman Josi Nashville Predators Switzerland
69%
43 John Carlson Washington Capitals USA
68%
84 Alex Pietrangelo St Louis Blues Canada
67%
37 Evgeny Kuznetsov Washington Capitals Russia
67%
33 Morgan Rielly Toronto Maple Leafs Canada
66%
23 Sean Monahan Calgary Flames Canada
64%
76 Anze Kopitar LA Kings Slovenia
63%
47 Phil Kessel Arizona Coyotes USA
63%
74 Vladimir Tarasenko St Louis Blues Russia
63%
26 Jordan Binnington St Louis Blues Canada
60%
79 Seth Jones Columbus Blue Jackets USA
58%
45 Tomas Hertl San Jose Sharks Czech
58%
42 Jake Guentzel Pittsburgh Penguins USA
56%
65 Mathew Barzal New York Islanders Canada
56%
53 Mika Zibanejad New York Rangers Sweden
56%
58 Logan Couture San Jose Sharks Canada
55%
89 Filip Forsberg Nashville Predators Sweden
53%
71 Jakub Voracek Philadelphia Flyers Czech
53%
77 TJ Oshie Washington Capitals USA
52%
64 Elias Pettersson Vancouver Canucks Sweden
51%
55 Alexander Radulov Dallas Stars Russia
50%
99 Drew Doughty LA Kings Canada
50%
51 Alex DeBrincat Chicago Blackhawks USA
49%
49 Ben Bishop Dallas Stars USA
47%
72 Brock Boeser Vancouver Canucks USA
45%
54 David Krejci Boston Bruins Czech
45%
36 Sean Couturier Philadelphia Flyers Canada
45%
50 Elias Lindholm Calgary Flames Sweden
44%
59 Kyle Connor Winnipeg Jets USA
44%
69 Sergei Bobrovsky Florida Panthers Russia
44%
87 John Klingberg Dallas Stars Sweden
43%
90 Rasmus Dahlin Buffalo Sabres Sweden
43%
70 Ryan Nugent-Hopkins Edmonton Oilers Canada
43%
61 Matt Duchene Nashville Predators Canada
42%
52 Teuvo Teravainen Carolina Hurricanes Finland
42%
85 Zach Werenski Columbus Blue Jackets USA
40%
100 Mats Zuccarello Minnesota Wild Norway
39%
63 Timo Meier San Jose Sharks Switzerland
39%
96 Bo Horvat Vancouver Canucks Canada
37%
60 Thomas Chabot Ottawa Senators Canada
36%
68 Jeff Skinner Buffalo Sabres Canada
34%
93 Torey Krug Boston Bruins USA
33%
62 Pierre-Luc Dubois Columbus Blue Jackets Canada
32%
86 Ryan Johansen Nashville Predators Canada
32%
66 Cam Atkinson Columbus Blue Jackets USA
31%
56 Tyson Barrie Toronto Maple Leafs Canada
31%
91 Zach Parise Minnesota Wild USA
31%
75 Robin Lehner Chicago Blackhawks Sweden
24%
81 Jacob Trouba New York Rangers USA
22%
80 Viktor Arvidsson Nashville Predators Sweden
22%
73 Evgenii Dadonov Florida Panthers Russia
21%
97 Dylan Strome Chicago Blackhawks Canada
19%
98 Phillip Danault Montreal Canadiens Canada
12%
94 Erik Gustafsson Chicago Blackhawks Sweden
11%
92 James van Riemsdyk Philadelphia Flyers USA
10%
82 Alex Tuch Vegas Golden Knights USA
6%
No matching quizzes found
Score Distribution
Percent of People with Each Score
Percentile by Number Answered
Your Score History
You have not taken this quiz